1797 1600 1339 1102 1393 1122 1722 1084 1475 1840 1300 1657 1319 1183 1151 1628 1131 1600 1548 1576 1894 1691 1157 1663 1810 1918 1553 1785 1031 1702 1638 1131 1557 1240 1434 1045 1514 1942 1511 1302 1106 1432 1794 1530 1185 1008 1561 1593 1872 1223 1649 1632 1004 1833 1177 1837 1355 1942 1485 1975 1705 1493 1123 1384 1919 1300 1877 1730 1505 1397 1699 1966 1503 1203 1380 1658 1161 1351 1238 1280 1343 1724 1512 1100 1016 1700 1731 1770 1573 1222 1150 1037 1031 1597 1124 1426 1456 1686 1605 BCNSPRNW ULIB Ver.6.0+V

เปลี่ยนเป็นภาษาไทย

Change to English
 แสดงรายละเอียดบรรณานุกรม
  กลับหน้าหลัก

Brief Record : Get Marc (ISO 2709) : E-mail record : QR code < ปิดหน้าต่าง
LEADER : 00000nam 2200000uu 4500
001    13399122416
003     ULIB
008    020711s2539 th a 000 0 tha d
020    9746016962
099    นว.^bค431ว
100    ณัฐ ศาสตร์ส่องวิทย์
110    เพื่อนหนังสือ
245    วงกตมรณะ/^cณัฐ ศาสตร์ส่องวิทย์
250    พิมพ์ครั้งที่ 2
260    กรุงเทพฯ :^bเพื่อนหนังสือ,^c2539
300    275 หน้า
945    ^p90^l0^i013041
รายการนี้ยังไม่มีแท็ก
คุณยังไม่ได้ล็อกอิน คุณสามารถมีกิจกรรมร่วมกับเว็บไซต์ได้ แต่ต้องล็อกอินก่อน ::
  ล็อกอิน

รายการสื่อสารสนเทศ

ลำดับที่ ประเภท เลขเรียก/บาร์โค้ด สถานที่ สถานะ
1. นวนิยาย
นวนิยาย
นว. ค431ว ฉ.1 
  Barcode: 013041
ห้องสมุดวิทยาเขตสวรรค์ประชารักษ์
►นวนิยาย
บนชั้น
  ขอยืม

BibComment


ยังไม่เคยถูกคอมเมนท์

คอมเมนท์ทรัพยากรรายการนี้
  คอมเมนท์: วงกตมรณะ ณัฐ ศาสต..


 Copyright 2026. Bcnsprnw @Library